[Event "AUT-chT U18 rapid"]
[Site "Vienna"]
[Date "2023.10.29"]
[Round "2.3"]
[White "Balint, Peter1"]
[Black "Vicze, Kata"]
[Result "1-0"]
[WhiteElo "2206"]
[BlackElo "1815"]
[PlyCount "95"]
[EventDate "2023.10.29"]
[EventType "team-swiss"]
[EventRounds "7"]
[EventCountry "AUT"]
[SourceTitle "Mega2024 Update 01"]
[Source "Chessbase"]
[SourceDate "2023.11.12"]
[SourceVersion "1"]
[SourceVersionDate "2023.11.12"]
[SourceQuality "1"]
[WhiteTeam "Vienna U18"]
[BlackTeam "Burgenland U18"]
[WhiteTeamCountry "AUT"]
[BlackTeamCountry "AUT"]

1. e4 c5 2. Nf3 Nc6 3. Bb5 e6 4. Bxc6 bxc6 5. b3 Ne7 6. Bb2 Ng6 7. d3 f6 8. Nc3 Be7 9. Qd2 0-0 10. Nd1 e5 11. Ne3 d6 12. 0-0-0 a5 13. a4 Be6 14. h4 Bf7 15. g3 Re8 16. Qe2 Qb6 17. Nd2 Nf8 18. f4 Ne6 19. Nec4 Qb7 20. fxe5 dxe5 21. h5 Nd4 22. Qf2 Qb4 23. Kb1 Qb7 24. Bc3 Bxc4 25. Nxc4 Reb8 26. Kc1 Nxb3+ 27. cxb3 Qxb3 28. Qc2 Qb7 29. g4 Ra6 30. Kd2 Qc8 31. Rhg1 Qe6 32. Rb1 Rd8 33. Kc1 Ra7 34. Rb6 Rad7 35. Rg3 Bf8 36. Bxa5 Ra8 37. Bc3 Be7 38. a5 Bd8 39. Rb1 Rda7 40. Kd2 Rd7 41. Ke2 Qf7 42. Kf2 g6 43. hxg6 Qxg6 44. Qe2 Rg7 45. Qf3 h6 46. Qf5 Qf7 47. Rh3 Rg6 48. Rb7 1-0

[Event "AUT-ch U16/18 Girls"]
[Site "St Veit"]
[Date "2023.04.06"]
[Round "7"]
[White "Valtiner, Valentina"]
[Black "Vicze, Kata"]
[Result "0-1"]
[WhiteElo "1214"]
[BlackElo "1887"]
[PlyCount "38"]
[EventDate "2023.04.02"]
[EventType "swiss"]
[EventRounds "7"]
[EventCountry "AUT"]
[SourceTitle "EXT 2024"]
[Source "ChessBase"]
[SourceDate "2023.10.10"]
[SourceVersion "1"]
[SourceVersionDate "2023.10.10"]
[SourceQuality "1"]

1. d4 Nf6 2. c4 e6 3. Nc3 d5 4. Bg5 Nbd7 5. e4 dxe4 6. Nxe4 Bb4+ 7. Nd2 0-0 8. a3 Be7 9. Ngf3 c5 10. Nb3 b6 11. Bd3 Bb7 12. 0-0 Rc8 13. Rc1 cxd4 14. Nfxd4 Ne5 15. Bc2 Nxc4 16. Bxf6 Bxf6 17. Bxh7+ Kxh7 18. Qd3+ Kg8 19. Rxc4 Qd5 0-1

[Event "AUT-ch U16/18 Girls"]
[Site "St Veit"]
[Date "2023.04.02"]
[Round "2"]
[White "Vicze, Kata"]
[Black "Egger, Stefanie"]
[Result "1-0"]
[WhiteElo "1887"]
[BlackElo "1695"]
[PlyCount "61"]
[EventDate "2023.04.02"]
[EventType "swiss"]
[EventRounds "7"]
[EventCountry "AUT"]
[SourceTitle "EXT 2024"]
[Source "ChessBase"]
[SourceDate "2023.10.10"]
[SourceVersion "1"]
[SourceVersionDate "2023.10.10"]
[SourceQuality "1"]

1. c4 e6 2. e4 c5 3. Nc3 Nc6 4. g3 Nf6 5. Bg2 g6 6. Nge2 Bg7 7. 0-0 0-0 8. d3 d6 9. h3 Qc7 10. Be3 a6 11. f4 Ne7 12. g4 Nd7 13. f5 d5 14. fxe6 fxe6 15. exd5 Rxf1+ 16. Qxf1 Ne5 17. Nf4 exd5 18. Nfxd5 Nxd5 19. Nxd5 Qd6 20. Bg5 Nc6 21. Re1 Be6 22. Nf6+ Kh8 23. Ne4 Bd4+ 24. Kh1 Qd7 25. Bf6+ Kg8 26. Bxd4 Qxd4 27. Nf6+ Kf7 28. Nd5+ Bf5 29. gxf5 g5 30. Qe2 Kg7 31. f6+ 1-0

[Event "AUT-chT2 (Women) 2122"]
[Site "Austria"]
[Date "2022.04.03"]
[Round "7.1"]
[White "Vicze, Kata"]
[Black "Egger, Stefanie"]
[Result "1/2-1/2"]
[WhiteElo "1809"]
[BlackElo "1627"]
[PlyCount "146"]
[EventDate "2021.10.17"]
[EventType "team-tourn"]
[EventRounds "7"]
[EventCountry "AUT"]
[SourceTitle "EXT 2024"]
[Source "ChessBase"]
[SourceDate "2023.10.10"]
[SourceVersion "1"]
[SourceVersionDate "2023.10.10"]
[SourceQuality "1"]
[WhiteTeam "Pamhagen (W) II"]
[BlackTeam "Gloggnitz (W)"]
[WhiteTeamCountry "AUT"]
[BlackTeamCountry "AUT"]

1. e4 e5 2. Nf3 Nc6 3. d4 exd4 4. Bc4 Bc5 5. c3 Nf6 6. e5 d5 7. Bb5 Ne4 8. cxd4 Bb6 9. Nc3 0-0 10. Be3 Ne7 11. Qb3 c6 12. Be2 Nf5 13. 0-0 Rb8 14. Na4 Bc7 15. Rac1 f6 16. Bf4 Nxd4 17. Nxd4 fxe5 18. Bxe5 Bxe5 19. Qd3 Qf6 20. Nf3 Bxb2 21. Nxb2 Qxb2 22. Rb1 Qc3 23. Rfc1 Qxd3 24. Bxd3 Bg4 25. Bxe4 dxe4 26. Ne5 Bf5 27. g4 Be6 28. Rb4 Rfe8 29. h3 h5 30. gxh5 Bxh3 31. Rxe4 Bg4 32. h6 Bf5 33. Re3 gxh6 34. Rc5 Be6 35. f4 Bd5 36. Rg3+ Kh7 37. Nd7 Rg8 38. Nf6+ Kh8 39. Nxg8 Rxg8 40. Rxg8+ Kxg8 41. a3 Kf7 42. Kf2 Ke6 43. Kg3 Kf5 44. Rc2 a5 45. Re2 Be4 46. Rh2 Kg6 47. Rd2 Bd5 48. Re2 b5 49. Kg4 h5+ 50. Kg3 b4 51. axb4 axb4 52. Kf2 b3 53. Ke3 Kf5 54. Rh2 h4 55. Kd2 Kg4 56. f5 Kg3 57. Re2 h3 58. f6 h2 59. Re1 Kg4 60. Kc3 Bf7 61. Kd2 Kf3 62. Re3+ Kg4 63. Re1 c5 64. Re4+ Kf3 65. Re3+ Kg2 66. Re2+ Kg3 67. Re3+ Kg4 68. Re4+ Kg5 69. Re1 Kxf6 70. Rh1 Bg6 71. Kc3 Bf7 72. Rxh2 c4 73. Re2 Be6 1/2-1/2

[Event "AUT-ch U16 Girls"]
[Site "St Veit"]
[Date "2021.10.27"]
[Round "5.1"]
[White "Valtiner, Valentina"]
[Black "Vicze, Kata"]
[Result "0-1"]
[WhiteElo "1150"]
[BlackElo "1809"]
[PlyCount "48"]
[EventDate "2021.10.25"]
[EventType "swiss"]
[EventRounds "7"]
[EventCountry "AUT"]
[SourceTitle "EXT 2023"]
[Source "ChessBase"]
[SourceDate "2022.10.05"]
[SourceVersion "1"]
[SourceVersionDate "2022.10.05"]
[SourceQuality "1"]

1. e4 d5 2. exd5 Qxd5 3. Nc3 Qd8 4. g3 Nf6 5. Bg2 Bg4 6. Nge2 Nc6 7. h3 Bh5 8. g4 Bg6 9. Bxc6+ bxc6 10. d3 e5 11. f4 exf4 12. Bxf4 Nd5 13. Qd2 Be7 14. 0-0-0 Rb8 15. b3 Rb4 16. Nxd5 cxd5 17. c3 Rb7 18. Nd4 Qd7 19. Rhe1 0-0 20. c4 dxc4 21. dxc4 Ba3+ 22. Qb2 Bxb2+ 23. Kxb2 Qa4 24. Bxc7 Qxc4 0-1

[Event "AUT-ch U16 Girls"]
[Site "St Veit"]
[Date "2021.10.27"]
[Round "4.1"]
[White "Vicze, Kata"]
[Black "Dodu, Crina Karina"]
[Result "1-0"]
[WhiteElo "1809"]
[BlackElo "1394"]
[PlyCount "43"]
[EventDate "2021.10.25"]
[EventType "swiss"]
[EventRounds "7"]
[EventCountry "AUT"]
[SourceTitle "EXT 2023"]
[Source "ChessBase"]
[SourceDate "2022.10.05"]
[SourceVersion "1"]
[SourceVersionDate "2022.10.05"]
[SourceQuality "1"]

1. c4 e5 2. Nc3 Nf6 3. g3 Nc6 4. Bg2 Bc5 5. Nf3 d6 6. 0-0 Be6 7. b3 Qe7 8. e3 Bb6 9. d4 Bg4 10. h3 Bh5 11. g4 Bg6 12. a3 e4 13. Nd2 h5 14. g5 Nh7 15. Ndxe4 Nxg5 16. Nxg5 Qxg5 17. b4 0-0-0 18. Qf3 Bd3 19. e4 Nxd4 20. Qxd3 Qh4 21. Nd5 Rhg8 22. Nxb6+ 1-0

[Event "Online Olym Div2 B"]
[Site "Chess.com INT"]
[Date "2021.09.04"]
[Round "9.2"]
[White "Fraser, Susanna"]
[Black "Vicze, Kata"]
[Result "1/2-1/2"]
[WhiteElo "1641"]
[BlackElo "1809"]
[PlyCount "155"]
[EventDate "2021.09.02"]
[EventType "team (rapid)"]
[EventRounds "9"]
[EventCountry "USA"]
[SourceTitle "CBM 204 Extra"]
[Source "ChessBase"]
[SourceDate "2021.11.30"]
[SourceVersion "1"]
[SourceVersionDate "2021.11.30"]
[SourceQuality "1"]
[WhiteTeam "Wales"]
[BlackTeam "Austria"]
[WhiteTeamCountry "WLS"]
[BlackTeamCountry "AUT"]

1. d4 d5 2. Bf4 c5 3. e3 Nc6 4. c3 Nf6 5. Nd2 Bf5 6. Ngf3 Qb6 7. Qc1 h6 8. h3 e6 9. Ne5 Be7 10. Bd3 0-0 11. 0-0 Rac8 12. Bxf5 exf5 13. dxc5 Bxc5 14. Nb3 Be7 15. Qd2 Rfd8 16. Nf3 Ne4 17. Qe2 Bf6 18. Nfd2 a5 19. Nxe4 fxe4 20. Rab1 Be5 21. Rfd1 Bxf4 22. exf4 a4 23. Nd4 Nxd4 24. Rxd4 Rxc3 25. Rbd1 Rc5 26. Rxa4 Rdc8 27. Rad4 Rc2 28. R4d2 Qxb2 29. Qg4 Rd8 30. Rxd5 Rxd5 31. Rxd5 Qa1+ 32. Kh2 Qf6 33. Rf5 Qg6 34. Qxg6 fxg6 35. Re5 Rxa2 36. Rxe4 Ra8 37. Rb4 Rb8 38. Kg3 b5 39. Kg4 Kf7 40. f5 g5 41. f4 gxf4 42. Kxf4 Kf6 43. g4 g6 44. fxg6 Kxg6 45. h4 Rb6 46. g5 h5 47. Ke5 Rb8 48. Kd5 Kf5 49. Kc5 Kg6 50. Rxb5 Rc8+ 51. Kd4 Rd8+ 52. Ke5 Re8+ 53. Kf4 Rf8+ 54. Ke4 Re8+ 55. Re5 Rf8 56. Re6+ Kg7 57. Rh6 Ra8 58. Rxh5 Ra6 59. Kf4 Rb6 60. Kf5 Ra6 61. Kg4 Rb6 62. Kf5 Ra6 63. g6 Ra5+ 64. Kg4 Ra4+ 65. Kf5 Ra5+ 66. Kg4 Ra4+ 67. Kg3 Kxg6 68. Rg5+ Kh6 69. Rg4 Rxg4+ 70. Kxg4 Kg6 71. h5+ Kh6 72. Kh4 Kh7 73. Kg5 Kg7 74. h6+ Kh7 75. Kh5 Kh8 76. Kg6 Kg8 77. h7+ Kh8 78. Kh6 1/2-1/2

[Event "Budapest FS06 Nadassy"]
[Site "Budapest"]
[Date "2021.06.12"]
[Round "8.4"]
[White "Kahn, Evarth"]
[Black "Vicze, Kata"]
[Result "1-0"]
[WhiteElo "2169"]
[BlackElo "1779"]
[PlyCount "73"]
[EventDate "2021.06.05"]
[EventType "tourn"]
[EventRounds "12"]
[EventCountry "HUN"]
[SourceTitle "EXT 2022"]
[Source "ChessBase"]
[SourceDate "2021.10.06"]
[SourceVersion "1"]
[SourceVersionDate "2021.10.06"]
[SourceQuality "1"]
[WhiteTeam "Team Higher Elo"]
[BlackTeam "Team Lower Elo"]
[WhiteTeamCountry "HUN"]
[BlackTeamCountry "HUN"]

1. d4 d5 2. c4 e6 3. Nf3 Nf6 4. g3 Bb4+ 5. Bd2 Bd6 6. Qc2 Nbd7 7. Bg2 0-0 8. 0-0 c6 9. Bf4 Bxf4 10. gxf4 Ne4 11. Nbd2 f5 12. e3 Ndf6 13. Ne5 Qe8 14. Nxe4 Nxe4 15. b4 Rf6 16. a4 Rh6 17. f3 Nf6 18. Rf2 Bd7 19. Bf1 a6 20. c5 Qe7 21. Qb2 Ne8 22. b5 Nc7 23. bxa6 bxa6 24. Qb7 Qd8 25. Rb1 Rf6 26. Rb6 a5 27. Nxd7 Qxd7 28. Rxc6 Rc8 29. Ba6 Rff8 30. Ra2 Qf7 31. Qxc8 Rxc8 32. Bxc8 Qe7 33. Rb2 Qd8 34. Rb8 Kf8 35. Rd6 Qe8 36. Rd7 Na6 37. Ra8 1-0

[Event "Budapest FS06 Nadassy"]
[Site "Budapest"]
[Date "2021.06.11"]
[Round "7.1"]
[White "Vicze, Kata"]
[Black "Karacsonyi, Gellert"]
[Result "0-1"]
[WhiteElo "1779"]
[BlackElo "2327"]
[PlyCount "84"]
[EventDate "2021.06.05"]
[EventType "tourn"]
[EventRounds "12"]
[EventCountry "HUN"]
[SourceTitle "EXT 2022"]
[Source "ChessBase"]
[SourceDate "2021.10.06"]
[SourceVersion "1"]
[SourceVersionDate "2021.10.06"]
[SourceQuality "1"]
[WhiteTeam "Team Lower Elo"]
[BlackTeam "Team Higher Elo"]
[WhiteTeamCountry "HUN"]
[BlackTeamCountry "HUN"]

1. e4 c5 2. Nf3 Nc6 3. Nc3 g6 4. d4 cxd4 5. Nxd4 Bg7 6. Be3 Nf6 7. Bc4 0-0 8. Bb3 Re8 9. f3 e6 10. f4 Nxd4 11. Bxd4 d6 12. 0-0 Qa5 13. Qf3 Bd7 14. Rad1 Bc6 15. Kh1 Rad8 16. Rfe1 b6 17. Qh3 e5 18. fxe5 dxe5 19. Bg1 Qb4 20. Rxd8 Rxd8 21. a3 Qe7 22. Qf3 Kh8 23. Qe2 Nh5 24. Qc4 Qh4 25. Re3 Ba8 26. Qxf7 Rf8 27. Qc4 Bh6 28. Rf3 Bf4 29. Rh3 Qe1 30. Rf3 Nf6 31. Rf1 Qh4 32. Ne2 Nxe4 33. Qd3 Rd8 34. Qc4 Qh3 35. Rf3 Qxf3 36. gxf3 Nd2 37. Qc3 Bxf3+ 38. Qxf3 Nxf3 39. Nxf4 exf4 40. Bf2 Kg7 41. Kg2 Ne5 42. c3 Rd2 0-1

[Event "Mitropa Cup Online (Women)"]
[Site "Tornelo INT"]
[Date "2021.05.11"]
[Round "8.4"]
[White "Vicze, Kata"]
[Black "Ruzic, Pia Marie"]
[Result "0-1"]
[WhiteElo "1809"]
[BlackElo "1990"]
[PlyCount "86"]
[EventDate "2021.05.04"]
[EventType "team-tourn"]
[EventRounds "9"]
[EventCountry "SUI"]
[SourceTitle "CBM 202 Extra"]
[Source "ChessBase"]
[SourceDate "2021.07.31"]
[SourceVersion "1"]
[SourceVersionDate "2021.07.31"]
[SourceQuality "1"]
[WhiteTeam "Austria (W)"]
[BlackTeam "Slovenia (W)"]
[WhiteTeamCountry "AUT"]
[BlackTeamCountry "SLO"]

1. e4 e6 2. d4 d5 3. exd5 exd5 4. Nf3 Nf6 5. Bd3 Bd6 6. Qe2+ Be6 7. 0-0 0-0 8. Bg5 Nbd7 9. Nc3 c6 10. Ne5 Qb6 11. Nxd7 Nxd7 12. Qh5 g6 13. Qh4 Qxb2 14. Ne2 Qb6 15. f4 f5 16. Qe1 Nf6 17. h4 Ne4 18. Bh6 Rfe8 19. h5 Bb4 20. Qh4 Be7 21. Qe1 Bf6 22. c3 Bf7 23. hxg6 hxg6 24. Qc1 Nxc3 25. Nxc3 Qxd4+ 26. Kh1 Qxd3 27. Rf3 Qc4 28. Qd2 d4 29. Nd1 Re2 30. Qa5 b6 31. Qa3 Qc2 32. Rc1 Qd2 33. Rg3 Be7 34. Qd3 Qxd3 35. Rxd3 c5 36. a4 Bf6 37. a5 c4 38. Ra3 b5 39. Raa1 b4 40. Rab1 b3 41. Kg1 c3 42. Nf2 b2 43. Rf1 Ba2 0-1

[Event "AUT-chT District U18 Online Rapid"]
[Site "Playchess.com INT"]
[Date "2020.12.12"]
[Round "9"]
[White "Borrmann, Laurenz"]
[Black "Vicze, Kata"]
[Result "0-1"]
[WhiteElo "1973"]
[BlackElo "1878"]
[PlyCount "86"]
[EventDate "2020.12.12"]
[EventType "team-swiss (rapid)"]
[EventRounds "9"]
[EventCountry "AUT"]
[SourceTitle "EXT 2022"]
[Source "ChessBase"]
[SourceDate "2021.10.06"]
[SourceVersion "1"]
[SourceVersionDate "2021.10.06"]
[SourceQuality "1"]

1. e4 c5 2. Nf3 Nc6 3. d4 cxd4 4. Nxd4 e5 5. Nb5 d6 6. N1c3 a6 7. Na3 Be7 8. Nd5 Nf6 9. Nxf6+ Bxf6 10. Nc4 0-0 11. Be2 Be7 12. Be3 Be6 13. Nb6 Rb8 14. 0-0 Bg5 15. Nd5 Bxe3 16. Nxe3 Rc8 17. c3 Qh4 18. f3 Rfd8 19. Qe1 Qg5 20. Bd1 Ne7 21. Bb3 Ng6 22. Rd1 Nf4 23. Kh1 h5 24. Qg3 Qf6 25. Nd5 Bxd5 26. Bxd5 Nxd5 27. Rxd5 Rc5 28. Rfd1 Rxd5 29. Rxd5 g6 30. Qf2 Qf4 31. Qd2 Qxd2 32. Rxd2 f5 33. exf5 gxf5 34. c4 b5 35. cxb5 axb5 36. a3 d5 37. Kg1 Kf7 38. Kf2 Ke6 39. Ke3 d4+ 40. Kd3 Kd5 41. Re2 Re8 42. g3 e4+ 43. Kd2 Kc4 0-1

[Event "AUT-chT District U18 Online Rapid"]
[Site "Playchess.com INT"]
[Date "2020.12.12"]
[Round "2"]
[White "Burgstaller, Bastian"]
[Black "Vicze, Kata"]
[Result "0-1"]
[WhiteElo "1381"]
[BlackElo "1864"]
[PlyCount "62"]
[EventDate "2020.12.12"]
[EventType "team-swiss (rapid)"]
[EventRounds "9"]
[EventCountry "AUT"]
[SourceTitle "EXT 2022"]
[Source "ChessBase"]
[SourceDate "2021.10.06"]
[SourceVersion "1"]
[SourceVersionDate "2021.10.06"]
[SourceQuality "1"]

1. e4 c5 2. c3 d5 3. Bb5+ Bd7 4. Bxd7+ Qxd7 5. exd5 Qxd5 6. Nf3 Nf6 7. d4 Nc6 8. 0-0 e6 9. Re1 Be7 10. dxc5 Bxc5 11. Qxd5 Nxd5 12. c4 Ndb4 13. Na3 Nd3 14. Rd1 Nxf2 15. Rf1 Nd3+ 16. Kh1 Nxc1 17. Raxc1 0-0 18. Nb5 a6 19. Nc3 Rfd8 20. Rcd1 Nb4 21. a3 Nd3 22. Ne1 Nf2+ 23. Kg1 Nxd1+ 24. Kh1 Nxc3 25. bxc3 Rd1 26. h3 Bf2 27. Nf3 Rxf1+ 28. Kh2 Rd8 29. g3 Rdd1 30. Kg2 Bc5 31. Ne5 Rf2# 0-1

[Event "AUT-chT District U18 Online Rapid"]
[Site "Playchess.com INT"]
[Date "2020.12.12"]
[Round "6"]
[White "Haselsberger, Armin"]
[Black "Vicze, Kata"]
[Result "0-1"]
[WhiteElo "1789"]
[BlackElo "1867"]
[PlyCount "122"]
[EventDate "2020.12.12"]
[EventType "team-swiss (rapid)"]
[EventRounds "9"]
[EventCountry "AUT"]
[SourceTitle "EXT 2022"]
[Source "ChessBase"]
[SourceDate "2021.10.06"]
[SourceVersion "1"]
[SourceVersionDate "2021.10.06"]
[SourceQuality "1"]

1. d4 d5 2. Bf4 c5 3. e3 Nc6 4. c3 Nf6 5. Nd2 Qb6 6. Qc2 g6 7. dxc5 Qxc5 8. Nb3 Qb6 9. Bd3 e5 10. Bg3 Bg7 11. Rd1 0-0 12. Be2 Bf5 13. Bd3 Bxd3 14. Rxd3 Rac8 15. Ne2 Nb4 16. Qd1 Nxd3+ 17. Qxd3 Rfe8 18. 0-0 a5 19. Rb1 a4 20. Nd2 Rcd8 21. Qc2 Nd7 22. Qxa4 Nc5 23. Qc2 e4 24. Bh4 Ra8 25. a3 Nd3 26. Nc1 Ne5 27. Ne2 Rec8 28. Bg3 Nd3 29. Nc1 Nc5 30. Ndb3 Nxb3 31. Nxb3 Rc4 32. Nd4 Bxd4 33. exd4 Qxd4 34. Rd1 Qc5 35. Qd2 Rd8 36. Be5 Qf8 37. Bd4 b5 38. Qg5 Rc6 39. h4 h6 40. Qe5 Kh7 41. Qf4 Re6 42. h5 e3 43. Bxe3 Re4 44. hxg6+ fxg6 45. Qg3 Qf7 46. Qh3 h5 47. Qg3 Rg4 48. Qe5 Re4 49. Qg3 Rde8 50. Qg5 Rg4 51. Qh6+ Kg8 52. Bd4 Qh7 53. Qd2 h4 54. Re1 Rge4 55. Rxe4 Rxe4 56. Qg5 Re1+ 57. Kh2 Qc7+ 58. g3 hxg3+ 59. fxg3 Qh7+ 60. Kg2 Qh1+ 61. Kf2 Qf1# 0-1

[Event "AUT-ch U14 Girls Online Blitz"]
[Site "Playchess.com INT"]
[Date "2020.12.11"]
[Round "3"]
[White "Huber, Elisa"]
[Black "Vicze, Kata"]
[Result "0-1"]
[WhiteElo "1603"]
[BlackElo "1823"]
[PlyCount "112"]
[EventDate "2020.12.11"]
[EventType "tourn (blitz)"]
[EventRounds "5"]
[EventCountry "AUT"]
[SourceTitle "EXT 2022"]
[Source "ChessBase"]
[SourceDate "2021.10.06"]
[SourceVersion "1"]
[SourceVersionDate "2021.10.06"]
[SourceQuality "1"]

1. d4 d5 2. Bf4 c5 3. e3 Nc6 4. c3 Nf6 5. Nf3 Qb6 6. Qb3 c4 7. Qxb6 axb6 8. Nbd2 b5 9. Be2 Bf5 10. 0-0 b4 11. cxb4 Nxb4 12. a3 Nc6 13. b3 c3 14. Nb1 c2 15. Nbd2 e6 16. Rfc1 Bxa3 17. Re1 0-0 18. Ne5 Bb2 19. Rxa8 Rxa8 20. Nxc6 bxc6 21. b4 c1Q 22. Rxc1 Bxc1 23. Nf3 Ra1 24. h3 Bxe3+ 25. Kh2 Bxf4+ 26. g3 Bd2 27. Nxd2 Ne4 28. Nf3 Nxf2 29. Kg2 Ne4 30. Ne5 Ra2 31. Kf3 Nxg3 32. Kxg3 Rxe2 33. Nxc6 Rb2 34. Kf4 Bxh3 35. Ke5 g5 36. Kd6 g4 37. Kc5 g3 38. b5 Rxb5+ 39. Kxb5 g2 40. Ne5 g1Q 41. Nf3 Qb1+ 42. Kc6 Qc2+ 43. Kd6 Qe4 44. Ne5 Qxd4 45. Nd7 e5 46. Nxe5 Be6 47. Nc6 Qf4+ 48. Ne5 f6 49. Kxe6 Qxe5+ 50. Kd7 Kf7 51. Kc6 d4 52. Kb6 Ke7 53. Kb7 Kd7 54. Ka7 Qb5 55. Ka8 Kc7 56. Ka7 Qb7# 0-1

[Event "AUT-ch U14 Girls Online Blitz"]
[Site "Playchess.com INT"]
[Date "2020.12.11"]
[Round "2"]
[White "Vicze, Kata"]
[Black "Huber, Valentina"]
[Result "1-0"]
[WhiteElo "1820"]
[BlackElo "1385"]
[PlyCount "39"]
[EventDate "2020.12.11"]
[EventType "tourn (blitz)"]
[EventRounds "5"]
[EventCountry "AUT"]
[SourceTitle "EXT 2022"]
[Source "ChessBase"]
[SourceDate "2021.10.06"]
[SourceVersion "1"]
[SourceVersionDate "2021.10.06"]
[SourceQuality "1"]

1. e4 e5 2. Nf3 Nf6 3. Nxe5 Nxe4 4. Qe2 Qe7 5. Qxe4 d6 6. d4 Nc6 7. Bb5 Bd7 8. Nc3 a6 9. Bxc6 bxc6 10. Nxd7 Qxe4+ 11. Nxe4 g6 12. Nxf8 Rxf8 13. Bh6 Rg8 14. Nf6+ Kd8 15. Nxg8 Ke8 16. Nf6+ Ke7 17. Bg5 Rf8 18. 0-0-0 Ra8 19. Rhe1+ Kd8 20. Re8# 1-0

[Event "Wch FIDE Online U14 Girls Europe qual"]
[Site "Tornelo INT"]
[Date "2020.12.09"]
[Round "7"]
[White "Griksaite, Leva"]
[Black "Vicze, Kata"]
[Result "0-1"]
[WhiteElo "1581"]
[BlackElo "1662"]
[PlyCount "56"]
[EventDate "2020.12.07"]
[EventType "swiss (rapid)"]
[EventRounds "7"]
[EventCountry "ISS"]
[SourceTitle "EXT 2022"]
[Source "ChessBase"]
[SourceDate "2021.10.06"]
[SourceVersion "1"]
[SourceVersionDate "2021.10.06"]
[SourceQuality "1"]

1. e4 c5 2. Nc3 Nc6 3. Bb5 Nd4 4. Bc4 a6 5. d3 b5 6. Bb3 e6 7. Nge2 Nf6 8. 0-0 Be7 9. f4 0-0 10. Be3 Qb6 11. e5 Ng4 12. Bf2 Nxf2 13. Rxf2 Nxe2+ 14. Nxe2 c4 15. dxc4 bxc4 16. Bxc4 Bc5 17. Qf1 Qxb2 18. Rc1 Bb7 19. Kh1 Bxf2 20. Qxf2 Rfc8 21. Bd3 Qxa2 22. f5 Qd5 23. f6 Qxe5 24. fxg7 Qxg7 25. Ng3 Kh8 26. Nh5 Qg5 27. Nf6 Qxc1+ 28. Bf1 Rxc2 0-1

[Event "Wch FIDE Online U14 Girls Europe qual"]
[Site "Tornelo INT"]
[Date "2020.12.09"]
[Round "6"]
[White "Vicze, Kata"]
[Black "Zvereva, Margarita"]
[Result "0-1"]
[WhiteElo "1662"]
[BlackElo "1859"]
[PlyCount "84"]
[EventDate "2020.12.07"]
[EventType "swiss (rapid)"]
[EventRounds "7"]
[EventCountry "ISS"]
[SourceTitle "EXT 2022"]
[Source "ChessBase"]
[SourceDate "2021.10.06"]
[SourceVersion "1"]
[SourceVersionDate "2021.10.06"]
[SourceQuality "1"]

1. e4 c5 2. Nf3 d6 3. d4 cxd4 4. Nxd4 Nf6 5. Nc3 a6 6. Be3 e5 7. Nb3 Be7 8. f3 Be6 9. Qd2 0-0 10. 0-0-0 Nbd7 11. g4 b5 12. g5 Nh5 13. Nd5 Bxd5 14. exd5 f6 15. gxf6 Bxf6 16. Na5 Qe8 17. Bh3 Nf4 18. Bxf4 exf4 19. Nc6 Ne5 20. Rhe1 Qh5 21. Be6+ Kh8 22. Nxe5 Bxe5 23. Qd3 Qg5 24. Kb1 Qf6 25. Qb3 a5 26. Re4 Rfb8 27. Bd7 a4 28. Qa3 b4 29. Rxb4 Rxb4 30. Qxb4 a3 31. Bc6 Rd8 32. Qxa3 Rb8 33. b3 Bc3 34. Qa7 Rf8 35. Qa3 Qe5 36. Rf1 h6 37. Rd1 Rf7 38. Qa8+ Kh7 39. Be8 Re7 40. Bc6 Qe1 41. Rc1 Qxc1+ 42. Kxc1 Re1# 0-1

[Event "Wch FIDE Online U14 Girls Europe qual"]
[Site "Tornelo INT"]
[Date "2020.12.08"]
[Round "5"]
[White "Vicze, Kata"]
[Black "Ray, Hiya"]
[Result "1-0"]
[WhiteElo "1662"]
[BlackElo "1542"]
[PlyCount "37"]
[EventDate "2020.12.07"]
[EventType "swiss (rapid)"]
[EventRounds "7"]
[EventCountry "ISS"]
[SourceTitle "EXT 2022"]
[Source "ChessBase"]
[SourceDate "2021.10.06"]
[SourceVersion "1"]
[SourceVersionDate "2021.10.06"]
[SourceQuality "1"]

1. e4 c5 2. Nf3 d6 3. d4 cxd4 4. Nxd4 Nf6 5. Nc3 g6 6. Be3 Bg7 7. Bc4 0-0 8. f3 Nc6 9. Bb3 Bd7 10. Qd2 Rc8 11. 0-0-0 Ne5 12. Kb1 a6 13. h4 h5 14. Bh6 b5 15. g4 hxg4 16. h5 Nxh5 17. Rxh5 gxh5 18. Qg5 Ng6 19. Qxg6 1-0

[Event "HUN-ch U14 Girls"]
[Site "Budapest"]
[Date "2020.10.30"]
[Round "9"]
[White "Kiraly, Lilla Virag"]
[Black "Vicze, Kata"]
[Result "0-1"]
[WhiteElo "1690"]
[BlackElo "1854"]
[PlyCount "76"]
[EventDate "2020.10.24"]
[EventType "tourn"]
[EventRounds "9"]
[EventCountry "HUN"]
[SourceTitle "CBM 199 Extra"]
[Source "ChessBase"]
[SourceDate "2021.01.31"]
[SourceVersion "1"]
[SourceVersionDate "2021.01.31"]
[SourceQuality "1"]

1. e4 c5 2. Nc3 Nc6 3. g3 g6 4. Bg2 Bg7 5. d3 d6 6. Be3 e6 7. Qd2 Nge7 8. Bh6 0-0 9. h4 Bxh6 10. Qxh6 f6 11. Qd2 Nd4 12. Nd1 d5 13. c3 Ndc6 14. exd5 exd5 15. d4 cxd4 16. cxd4 Nf5 17. Ne2 Re8 18. 0-0 Be6 19. Ndc3 Qd7 20. Rad1 Rad8 21. Rfe1 Kg7 22. Bh1 h6 23. Nf4 Nfxd4 24. Nxe6+ Rxe6 25. Nxd5 Rd6 26. Nxf6 Rxf6 27. Qe3 Qf7 28. Bxc6 Nxc6 29. Rxd8 Nxd8 30. Qxa7 Nc6 31. Qc5 Qxa2 32. Qc3 Qf7 33. g4 Kh7 34. Re2 Rf4 35. Qg3 Nd4 36. Re3 b5 37. g5 h5 38. Kh2 Rxf2+ 0-1

[Event "HUN-ch U14 Girls"]
[Site "Budapest"]
[Date "2020.10.25"]
[Round "2"]
[White "Javorek, Janka"]
[Black "Vicze, Kata"]
[Result "0-1"]
[WhiteElo "1560"]
[BlackElo "1854"]
[PlyCount "68"]
[EventDate "2020.10.24"]
[EventType "tourn"]
[EventRounds "9"]
[EventCountry "HUN"]
[SourceTitle "CBM 199 Extra"]
[Source "ChessBase"]
[SourceDate "2021.01.31"]
[SourceVersion "1"]
[SourceVersionDate "2021.01.31"]
[SourceQuality "1"]

1. d4 d5 2. c4 e6 3. Nc3 Nf6 4. Bg5 Nbd7 5. e3 c6 6. Nf3 Qa5 7. Bxf6 Nxf6 8. Nd2 Bb4 9. Qc2 0-0 10. Bd3 h6 11. 0-0 Bd6 12. Nf3 Qc7 13. Rac1 Bd7 14. Rfe1 Rac8 15. Qd2 Qb8 16. Rc2 Nh5 17. h3 f5 18. cxd5 exd5 19. Rcc1 Rce8 20. Re2 Nf6 21. Qc2 Ne4 22. Bxe4 fxe4 23. Nd2 Qd8 24. Qb3 Re6 25. Qxb7 Rg6 26. Kh1 Qg5 27. f4 exf3 28. Nxf3 Rxf3 29. Nxd5 Qg3 30. Nf4 Rxf4 31. exf4 Bxf4 32. Qb3+ Qxb3 33. axb3 Bxc1 34. Re7 Rd6 0-1